Against the tide : (Record no. 3852)
[ view plain ]
| 000 -LEADER | |
|---|---|
| fixed length control field | 00675nam a2200205I 4500 |
| 001 - CONTROL NUMBER | |
| control field | 1492192 |
| 003 - CONTROL NUMBER IDENTIFIER | |
| control field | OSt |
| 005 - DATE AND TIME OF LATEST TRANSACTION | |
| control field | 20181123111205.0 |
| 008 - FIXED-LENGTH DATA ELEMENTS--GENERAL INFORMATION | |
| fixed length control field | 750730|1974||||||| |||| ||eng c |
| 040 ## - CATALOGING SOURCE | |
| Original cataloging agency | Ohio Northern Univ Lib |
| Transcribing agency | DLC |
| 049 ## - LOCAL HOLDINGS (OCLC) | |
| Holding library | ONUU |
| 082 ## - DEWEY DECIMAL CLASSIFICATION NUMBER | |
| Classification number | 823 |
| Item number | K55A |
| 100 1# - MAIN ENTRY--PERSONAL NAME | |
| Personal name | Kinnear, Angus I |
| 245 10 - TITLE STATEMENT | |
| Title | Against the tide : |
| Remainder of title | the story of Watchman Nee / |
| Statement of responsibility, etc. | Angus I. Kinnear |
| 260 ## - PUBLICATION, DISTRIBUTION, ETC. | |
| Place of publication, distribution, etc. | Fort Washington, Pa. : |
| Name of publisher, distributor, etc. | Christian Literature Crusade |
| Date of publication, distribution, etc. | [1974, c1973] |
| 300 ## - PHYSICAL DESCRIPTION | |
| Extent | 191 p., [16] leaves of plates : |
| Other physical details | ill., maps. ; |
| Dimensions | 23 cm |
| 504 ## - BIBLIOGRAPHY, ETC. NOTE | |
| Bibliography, etc. note | Bibliographical references included in "Notes on the text" (p. [181]-191) |
| 600 10 - SUBJECT ADDED ENTRY--PERSONAL NAME | |
| Personal name | Nee, Watchman |
| 942 ## - ADDED ENTRY ELEMENTS (KOHA) | |
| Source of classification or shelving scheme | Dewey Decimal Classification |
| Koha item type | Books |
| Withdrawn status | Lost status | Source of classification or shelving scheme | Damaged status | Not for loan | Collection code | Home library | Current library | Shelving location | Date acquired | Cost, normal purchase price | Total Checkouts | Full call number | Barcode | Date last seen | Price effective from | Koha item type |
|---|---|---|---|---|---|---|---|---|---|---|---|---|---|---|---|---|
| Dewey Decimal Classification | Non-fiction | Harvest Mission College | Harvest Mission College | General Stacks | 23.11.2018 | 360.00 | 823 K55A | 004291 | 23.11.2018 | 23.11.2018 | Books |
